Cơ sở kỹ thuật điện : Dùng cho các trường trung học chuyên nghiệp chuyên điện /
Tallennettuna:
| Päätekijä: | |
|---|---|
| Aineistotyyppi: | Sách giấy |
| Kieli: | Vietnamese |
| Julkaistu: |
Hà Nội :
Đại học và Trung học Chuyên nghiệp,
1981.
|
| Tagit: |
Lisää tagi
Ei tageja, Lisää ensimmäinen tagi!
|
| Thư viện lưu trữ: | Thư viện Trường Đại học Đà Lạt |
|---|
| LEADER | 00688nam a2200253 4500 | ||
|---|---|---|---|
| 001 | DLU020003396 | ||
| 005 | ##19990507 | ||
| 040 | # | # | |a DLU |b vie |
| 041 | # | # | |a vie |
| 044 | # | # | |a vn |
| 082 | # | # | |a 621.3 |b HO-T |
| 100 | # | # | |a Hoàng Hữu Thận. |
| 245 | # | # | |a Cơ sở kỹ thuật điện : |b Dùng cho các trường trung học chuyên nghiệp chuyên điện / |c Hoàng Hữu Thận. |
| 260 | # | # | |a Hà Nội : |b Đại học và Trung học Chuyên nghiệp, |c 1981. |
| 300 | # | # | |a 512 tr. ; |c 20 cm. |
| 992 | # | # | |a 3117 |
| 994 | # | # | |a DLU |
| 900 | # | # | |a False |
| 911 | # | # | |a Administrator |
| 925 | # | # | |a G |
| 926 | # | # | |a A |
| 927 | # | # | |a SH |
| 980 | # | # | |a Thư viện Trường Đại học Đà Lạt |